Máximos goleadores de la Premier League 2020-2021 - Estadísticas

Estadísticas generales
  • Esta prueba ha sido intentada 81 veces
  • La puntuación promedio es 8 de 10
Estadísticas de respuestas
Goles Nacionalidad Equipo Jugador % Correcto
23 Inglaterra Tottenham Harry Kane
100%
22 Egipto Liverpool Mohamed Salah
100%
17 Corea del Sur Tottenham Heung-Min Son
96%
15 Inglaterra Leicester City Jamie Vardy
92%
13 Alemania Manchester City İlkay Gündoğan
85%
18 Portugal Manchester United Bruno Fernandes
84%
14 Inglaterra Aston Villa Ollie Watkins
75%
13 Francia Arsenal Alexandre Lacazette
73%
17 Inglaterra Leeds United Patrick Bamford
51%
16 Inglaterra Everton Dominic Calvert-Lewin
49%
No se encontraron pruebas coincidentes
Distribución de puntuación
Porcentaje de gente con cada puntuación
Porcentaje por número respondido
Historial de tus puntuaciones
No has intentado esta prueba.